Active japanese: an activity book for developing communication skills in japanese

Sparad:
Bibliografiska uppgifter
Huvudupphovsmän: Hitomi, Mashura (Författare, medförfattare), Tsugumi, Saito (Författare, medförfattare)
Materialtyp: Bok
Språk:engelska
Publicerad: Singapore University 2000
Ämnen:
Taggar: Lägg till en tagg
Inga taggar, Lägg till första taggen!

MARC

LEADER 00000cam a2200000 a 4500
001 UCI1401
003 CL-VaPUC
008 070629e20000000SI |||||||||||||||||eng|d
020 |a 9971692333 
082 0 4 |a 410.52  |b HIT  |2 21 
100 0 |a Hitomi, Mashura  |e author  |9 521886 
700 0 |a Tsugumi, Saito  |e author  |9 521887 
245 1 0 |a Active japanese: an activity book for developing communication skills in japanese 
300 |a 118 p 
942 |c BK 
945 |d 20070629 00:00:00  |a jtorresc 
260 |b Singapore University  |c 2000 
650 0 |a Lingüística  |9 265068 
650 0 |a Comunicación lingüística  |9 390198 
650 0 |a Sintaxis  |9 318843 
651 0 |a Japón   |9 260391 
583 |a last modification  |c 20111004 10:26:01  |k Rodrigo Vera 
999 |c 326225  |d 326223 
952 |0 0  |1 0  |4 0  |6 410_520000000000000_HIT_2000  |7 0  |8 A  |9 407996  |a BIBGIM  |b BIBGIM  |d 2019-11-22  |i 4212525  |o 410.52 HIT 2000  |p 4212525  |r 2025-01-15  |w 2019-11-22  |y BK  |k ORI